00476nam a2200181 a 4500001001300000003000900013005001700022008004100039020001000080082001700090100001600107245005000123260003400173300000900207500003500216650002700251700001600278nice12345678IN_TiNIC20260116014551.0080208s2001 newa grp 000 0 eng  ac40000a659.132bJAC aJacob, Reny aDirectory of Church-Related Colleges in India aNew Delhi bMani Jacob c2001 a398p aincludes index and biblioraphy aDirectory-Christianity1 aJacob, Reny